Véres vasárnap Szegeden az 1848. október 15-i vérengzés és előzményei /

Elmentve itt :
Bibliográfiai részletek
Szerző: Bíró Csaba
További közreműködők: Zakar Péter (Témavezető)
Dokumentumtípus: Szakdolgozat
Megjelent: 1998
Tárgyszavak:
Online Access:http://diploma.bibl.u-szeged.hu/89548
LEADER 00658nta a2200193 i 4500
001 dipl89548
005 20230406133333.0
008 201112s1998 hu om 0|| zxx d
040 |a SZTE Diploma Repozitórium  |b hun 
041 |a zxx 
100 1 |a Bíró Csaba 
245 1 0 |a Véres vasárnap Szegeden   |h [elektronikus dokumentum] :  |b az 1848. október 15-i vérengzés és előzményei /  |c Csaba Bíró 
260 |c 1998 
650 4 |a Pedagógusképzés 
650 4 |a Humanities 
650 4 |a History and archaeology 
650 4 |a History 
700 1 |a Zakar Péter  |e ths 
856 4 0 |u https://diploma.bibl.u-szeged.hu/id/eprint/89548/1/1998_biro_csaba.pdf  |z Dokumentum-elérés